00509 2200193 4500245006600000020002200066250002200088100001200110650002100122650001000143005001900153260005700172041001400229084000800243300002400251336000900275337001000284338002100294 aBahasa Indonesia untuk SMA/MA/SMK/MAK Kelas XIcSuherlihText a978-602-282-102-1 aEd. Revisi Cet. 2 aSuherli aBahasa Indonesia aEbook a20230616072030 aJakartabKementerian Pendidikan dan Kebudayaanc2017 aIndonesia a410 avi, 306 hlm. :cPDF atext aother aother (computer)